000 00828cam a2200229 a 4500
001 616875
005 20180222035633.0
008 921020s1993 nyua be 001 0 eng
010 _a 92038048
020 _a0028970853 (hardcover : alk. paper) :
_c$95.00
040 _aDLC
_cDLC
_dDLC
041 _aeng
080 _a154.603 mar
082 0 0 _a154.603 mar
_220
100 _a24
101 _aenc
245 0 0 _aEncyclopedia of sleep and dreaming /
_cMary A. Carskadon, editor in chief.
504 _aIncludes bibliographical references and index.
906 _a7
_bcbc
_corignew
_d1
_eocip
_f19
_gy-gencatlg
942 _2ddc
_cBK
999 _c43128
_d43128